Financial Analysis Focused on the Food Industry

Na minha lista:
Detalhes bibliográficos
Autor principal: Lukáč, Jozef, 1991-
Outros Autores: Kudlová, Zuzana, 1986-, Čulková, Katarína, Mihalčová, Bohuslava, 1963-
Formato: Livro
Idioma:inglês
Publicado em: Ostrava VSB – Technical University of Ostrava 2021
Edição:1st Edition
Assuntos:
Tags: Adicionar Tag
Sem tags, seja o primeiro a adicionar uma tag!

MARC

LEADER 00000nam a2200000 4500
001 0281781
005 20240613110514.6
020 |a 978-80-246-4589-0 
041 0 |a eng 
044 |a CZ 
245 1 0 |a Financial Analysis Focused on the Food Industry  |c Jozef Lukáč - Zuzana Kudlová ; reviewers: Katarína Čulková, Bohuslava Mihalčová 
250 |a 1st Edition 
264 1 |a Ostrava  |b VSB – Technical University of Ostrava  |c 2021 
300 |a 133 s. [6,4 AH] 
610 2 0 |a analýza finančná 
610 2 0 |a priemysel potravinársky 
610 2 0 |a hospodárstvo domáce 
610 2 0 |a zdroje informácií 
610 2 0 |a ukazovatele ekonomické 
610 2 0 |a ukazovatele finančné 
610 2 0 |a výkonnosť podniku 
610 2 0 |a hodnota pridaná ekonomická 
610 2 0 |a Slovensko 
100 1 |a Lukáč, Jozef, 1991- 
700 1 |a Kudlová, Zuzana, 1986- 
700 1 |a Čulková, Katarína 
700 1 |a Mihalčová, Bohuslava, 1963-